00269nam a2200085Ia 4500008004100000041000800041100001900049245007800068260003700146241105s9999 xx 000 0 und d aeng aKarkhanis Niha aSolar Shading For Low Energy Use And Daylight Quality In Offices In Pune. bM.Arch Environmental, Punec2012